La vida del Buscón llamado Don Pablos / (Record no. 107935)

MARC details
000 -LEADER
campo de control de longitud fija 00771nam a2200217 i 4500
001 - NÚMERO DE CONTROL
campo de control 107935
003 - IDENTIFICADOR DE NÚMERO DE CONTROL
campo de control ES-MaACL
005 - FECHA Y HORA DE LA ÚLTIMA TRANSACCIÓN
campo de control 20250829080459.0
007 - CAMPO FIJO DE DESCRIPCIÓN FÍSICA--INFORMACIÓN GENERAL
campo de control de longitud fija t|
008 - DATOS DE LONGITUD FIJA--INFORMACIÓN GENERAL
campo de control de longitud fija 061221s1969 sp ||||1| spa d
080 ## - NÚMERO DE LA CLASIFICACIÓN DECIMAL UNIVERSAL
Número de la Clasificación Decimal Universal 860-31"16"
100 1# - ENTRADA PRINCIPAL--NOMBRE DE PERSONA
Nombre de persona Quevedo, Francisco de,
Fechas asociadas al nombre 1580-1645
9 (RLIN) 94591
245 13 - MENCIÓN DEL TÍTULO
Título La vida del Buscón llamado Don Pablos /
Mención de responsabilidad, etc. Francisco de Quevedo; edición, prólogo y notas por Fernando Lázaro Carreter.
260 ## - PUBLICACIÓN, DISTRIBUCIÓN, ETC.
Lugar de publicación, distribución, etc. Madrid :
Nombre del editor, distribuidor, etc. Salvat,
Fecha de publicación, distribución, etc. 1969.
300 ## - DESCRIPCIÓN FÍSICA
Extensión 186 p. ;
Dimensiones 19 cm.
490 1# - MENCIÓN DE SERIE
Mención de serie Biblioteca básica Salvat de Libros RTV ;
Designación de volumen o secuencia 14
700 1# - ENTRADA AGREGADA--NOMBRE PERSONAL
Nombre de persona Lázaro Carreter, Fernando,
Fechas asociadas al nombre 1923-2004
9 (RLIN) 70798
830 00 - PUNTO DE ACCESO ADICIONAL DE SERIE-TÍTULO UNIFORME
Título uniforme Biblioteca básica Salvat de libros RTV
Designación de volumen o secuencia 14
9 (RLIN) 185398
852 ## - LOCALIZACIÓN
Ubicación ES-MaACL
Número de control de estantería E-2935
Sublocalización o colección R.69765
Holdings
Estatus retirado Estado de pérdida Estado de daño No para préstamo Biblioteca de origen Biblioteca actual Ubicación en estantería Fecha de adquisición Fuente de adquisición Total de préstamos Signatura topográfica completa Código de barras Visto por última vez Precio de reemplazo Tipo de ítem Koha
        Biblioteca del Ateneo de Madrid Biblioteca del Ateneo de Madrid Depósito 2 17/01/2008     E-2935 1112639 23/02/2023 23/02/2023 Libro impreso